Schizophrenia and genetics; (Record no. 905)

MARC details
000 -LEADER
fixed length control field 00879nam a2200277 4500
005 - DATE AND TIME OF LATEST TRANSACTION
control field 20260322212038.0
008 - FIXED-LENGTH DATA ELEMENTS--GENERAL INFORMATION
fixed length control field data
010 ## - LIBRARY OF CONGRESS CONTROL NUMBER
LC control number 72007684
020 ## - INTERNATIONAL STANDARD BOOK NUMBER
International Standard Book Number 0122934504
020 ## - INTERNATIONAL STANDARD BOOK NUMBER
International Standard Book Number 9780122934506
040 ## - CATALOGING SOURCE
Original cataloging agency DLC
Transcribing agency DLC
Modifying agency CtY
050 0# - LIBRARY OF CONGRESS CALL NUMBER
Classification number RC514
Item number .G67 1972
096 ## - LOCALLY ASSIGNED NLM-TYPE CALL NUMBER (OCLC)
Classification number WM 203 G713s 1972
001 - CONTROL NUMBER
control field data
100 1# - MAIN ENTRY--PERSONAL NAME
Personal name Gottesman, Irving I.
245 10 - TITLE STATEMENT
Title Schizophrenia and genetics;
Remainder of title a twin study vantage point
Statement of responsibility, etc. [by] Irving I. Gottesman and James Shields. With a contribution by Paul E. Meehl.
260 0# - PUBLICATION, DISTRIBUTION, ETC.
Place of publication, distribution, etc. New York,
Name of publisher, distributor, etc. Academic Press,
Date of publication, distribution, etc. 1972.
300 ## - PHYSICAL DESCRIPTION
Extent xviii, 433 p.
Other physical details illus.
Dimensions 24 cm.
440 #0 - SERIES STATEMENT/ADDED ENTRY--TITLE
Title Personality and psychopathology,
Volume/sequential designation 13
504 ## - BIBLIOGRAPHY, ETC. NOTE
Bibliography, etc. note Bibliography: p. 349-365.
590 ## - LOCAL NOTE (RLIN)
Local note Bibliography: p. 349-365.
650 #0 - SUBJECT ADDED ENTRY--TOPICAL TERM
Topical term or geographic name entry element Schizophrenia
General subdivision Genetic aspects.
650 #0 - SUBJECT ADDED ENTRY--TOPICAL TERM
Topical term or geographic name entry element Twins.
700 1# - ADDED ENTRY--PERSONAL NAME
Personal name Shields, James.
700 1# - ADDED ENTRY--PERSONAL NAME
Personal name Meehl, Paul E.
Fuller form of name (Paul Everett),
Dates associated with a name 1920-
Holdings
Withdrawn status Lost status Damaged status Not for loan Home library Current library Shelving location Date acquired Total checkouts Full call number Barcode Date last seen Price effective from Koha item type
        Riverside Riverside General stacks 22/03/2026   RC514 .G67 1972 BC0010933 22/03/2026 22/03/2026 Books